00000000nam##2200000za#4500
0019.670131
003CaOODSP
00520210615125306
007ta
008150407|2007||||xxc|||||     f|0| 0 eng|d
040 |aCaOODSP|beng
041 |aeng
041 |afre
043 |an-cn---
0861 |aK21-1/2007
1102 |aCanada Council for the Arts.
24510|a50th annual report, Canada Council for the Arts, 2006-07
260 |aOttawa - Ontario : |bCanada Council for the Arts |c[2007].
300 |aEnglish text, 71p. : |bgraphs, tables, photographs ; |c26 cm.
500 |aThe ISBN (0-88837-200-0) of a previous edition is printed in this edition.
5203 |aPresents the activities of the Canada Council for the Arts during the fiscal year. It reports on the Council’s arts programs, endowments, and prizes. The Canada Council offers a broad range of grants and services to professional Canadian artists and arts organizations, and promotes public awareness of the arts.
563 |aSoftcover
590 |a08-19|b2008-05-09
69007|aAnnual reports|2gcpds
69007|aArts|2gcpds
7760#|t50e rapport annuel, Conseil des Arts du Canada, 2006-2007 |w(CaOODSP)9.670134
792 |t50e rapport annuel, Conseil des Arts, 2006-2007 |efre|w(CaOODSP)9.670132